[Event "North Shore B-Grade"]
[Site "Auckland NZL"]
[Date "2017.08.26"]
[Round "2"]
[White "Van den Heuvel, Arnold"]
[Black "Li, Andrew"]
[Result "1-0"]
[WhiteElo "1828"]
[BlackElo "1376"]
[PlyCount "93"]
[EventDate "2017.08.26"]

1. d4 d5 2. Nf3 Nf6 3. Bf4 Bf5 4. e3 Nbd7 5. c4 e6 6. Nc3 c6 7. Qb3 Qb6 8. c5
Qxb3 9. axb3 Be7 10. h3 O-O 11. b4 b6 12. Ba6 bxc5 13. bxc5 Rab8 14. Bxb8 Rxb8
15. Ra2 Ne4 16. O-O Bf6 17. Be2 e5 18. Rfa1 h6 19. g4 Nxc3 20. bxc3 Be6 21.
Rxa7 Rb2 22. R7a2 Rb3 23. Ra3 Rb2 24. R1a2 Rb1+ 25. Kg2 e4 26. Nd2 Rb7 27. c4
dxc4 28. Bxc4 Bxc4 29. Nxc4 Rb1 30. Ra6 Nb8 31. Rb6 Rxb6 32. cxb6 Nd7 33. Ra8+
Kh7 34. b7 Bxd4 35. exd4 c5 36. dxc5 e3 37. Nxe3 f5 38. gxf5 h5 39. Rd8 Nf6 40.
b8=Q Kh6 41. Rh8+ Kg5 42. Qg3+ Ng4 43. f4+ Kf6 44. hxg4 h4 45. Qxh4+ Kf7 46.
Nd5 g5 47. Qh7# 1-0

[Event "North Shore B-Grade"]
[Site "Auckland NZL"]
[Date "2017.08.26"]
[Round "2"]
[White "Li, Rodney Xiang Rei"]
[Black "Eade, Don"]
[Result "0-1"]
[WhiteElo "1509"]
[BlackElo "1806"]
[PlyCount "88"]
[EventDate "2017.08.26"]

1. e4 c5 2. Nf3 d6 3. d4 cxd4 4. Nxd4 Nf6 5. Nc3 e6 6. Be3 Be7 7. f3 a6 8. Qd2
b5 9. Be2 Bb7 10. g4 Nc6 11. h4 O-O 12. g5 Nd7 13. h5 Nxd4 14. Qxd4 Bxg5 15.
Bxg5 Qxg5 16. Qxd6 Rfd8 17. Qd2 Qg3+ 18. Kf1 b4 19. Nd1 Ne5 20. Qe1 Qf4 21. Rh4
Qf6 22. Qf2 Rd2 23. Ne3 Nxf3 24. Rh3 Ng5 25. Qxf6 gxf6 26. Rg3 Bxe4 27. h6 Kf8
28. Ke1 Rad8 29. Rd1 Rxd1+ 30. Bxd1 Rd4 31. Kf2 Bg6 32. Ke1 Rh4 33. Ng4 Ne4 34.
Rg1 f5 35. Ne5 Rxh6 36. Nc6 Rh2 37. Nxb4 a5 38. Nc6 a4 39. Ne5 Bh5 40. Nd3 Bxd1
41. Kxd1 h5 42. Nf4 h4 43. Rf1 Rd2+ 44. Kc1 Rf2 0-1

[Event "North Shore B-Grade"]
[Site "Auckland NZL"]
[Date "2017.08.26"]
[Round "2"]
[White "Lyall, Simon"]
[Black "Lourenco, Eva"]
[Result "1-0"]
[WhiteElo "1752"]
[BlackElo "1350"]
[PlyCount "59"]
[EventDate "2017.08.26"]

1. e4 c5 2. c3 Nc6 3. d4 cxd4 4. cxd4 d5 5. e5 g6 6. Nc3 Bg7 7. Nf3 Nh6 8. Be2
O-O 9. O-O Be6 10. Na4 f6 11. Nc5 Qc8 12. exf6 exf6 13. Re1 Bf7 14. Bf4 Nf5 15.
h3 Ncxd4 16. Nxd4 Qxc5 17. Nxf5 gxf5 18. Rc1 Qa5 19. a3 Rfe8 20. Bc7 Qxe1+ 21.
Qxe1 Bh5 22. f3 Rac8 23. Bf4 Rxc1 24. Bxc1 Bf8 25. Qd1 Bc5+ 26. Kf1 Bf7 27. Qc2
b6 28. Qxf5 Re6 29. Bh6 Rd6 30. Qc8+ 1-0

[Event "North Shore B-Grade"]
[Site "Auckland NZL"]
[Date "2017.08.26"]
[Round "2"]
[White "Weng, Xintong (Winston)"]
[Black "Goormachtigh, Laurens"]
[Result "1-0"]
[WhiteElo "1305"]
[BlackElo "1714"]
[PlyCount "93"]
[EventDate "2017.08.26"]

1. c4 Nf6 2. Nc3 e6 3. g3 d5 4. cxd5 exd5 5. d4 Bb4 6. Bg2 O-O 7. Nf3 Ne4 8.
Qc2 Bf5 9. Qb3 Qe7 10. O-O c6 11. Nh4 Be6 12. Qc2 Nxc3 13. bxc3 Bd6 14. Nf3 f6
15. Nd2 Nd7 16. e4 Nb6 17. Bb2 Rae8 18. f4 dxe4 19. Bxe4 f5 20. Bf3 Nc4 21.
Rfe1 Nxb2 22. Qxb2 Ba3 23. Qc2 Qd6 24. Re5 g6 25. Rae1 Kf7 26. Nb3 b6 27. Qe2
Qd7 28. c4 Bd6 29. Re3 Bb4 30. d5 Bxe1 31. dxe6+ Rxe6 32. Qxe1 Rfe8 33. Rxe6
Rxe6 34. Qc3 Qe8 35. Kf2 Re7 36. Nd4 c5 37. Nc6 Rc7 38. Bd5+ Qe6 39. Bxe6+ Kxe6
40. Qe5+ Kd7 41. Qe7+ Kxc6 42. Qe6+ Kb7 43. Qd5+ Ka6 44. h4 Ka5 45. h5 Kb4 46.
Qd3 b5 47. Qb3+ 1-0

[Event "North Shore B-Grade"]
[Site "Auckland NZL"]
[Date "2017.08.26"]
[Round "2"]
[White "Mudaliar, Rohit"]
[Black "Meng, Richard"]
[Result "0-1"]
[WhiteElo "958"]
[BlackElo "1627"]
[PlyCount "58"]
[EventDate "2017.08.26"]

1. d4 Nf6 2. c4 e6 3. Nf3 b6 4. a3 Bb7 5. Bg5 Be7 6. Nbd2 d5 7. cxd5 exd5 8. g3
Nbd7 9. Bg2 h6 10. Bxf6 Nxf6 11. Rc1 O-O 12. O-O Re8 13. e3 Rc8 14. Re1 a5 15.
Qa4 c5 16. dxc5 Bxc5 17. Nb3 Bc6 18. Qf4 Re4 19. Bh3 Rxf4 20. exf4 Bd7 21. Bxd7
Qxd7 22. Ne5 Qa4 23. Nxc5 bxc5 24. Nf3 Qb3 25. Re3 Qxb2 26. Rec3 Ne4 27. R1c2
Qb5 28. Re3 f5 29. Nh4 Qb1+ 0-1

[Event "North Shore B-Grade"]
[Site "Auckland NZL"]
[Date "2017.08.26"]
[Round "2"]
[White "Bishop, Everett"]
[Black "Li, Leo Xiang Yu"]
[Result "1-0"]
[WhiteElo "1826"]
[BlackElo "1256"]
[PlyCount "65"]
[EventDate "2017.08.26"]

1. g3 e5 2. Bg2 Nf6 3. a3 Bc5 4. c3 Nc6 5. h3 d5 6. d3 Bf5 7. Nd2 Qd7 8. e4
dxe4 9. dxe4 Bg6 10. Qe2 Bb6 11. Ngf3 a6 12. O-O O-O 13. b4 Nh5 14. Kh2 Nf6 15.
Bb2 Rad8 16. Rad1 Qd3 17. Qxd3 Rxd3 18. Nc4 Rxd1 19. Rxd1 Bxf2 20. Nfxe5 Nxe5
21. Nxe5 Bxe4 22. Nd7 Nxd7 23. Bxe4 Nf6 24. Bxb7 a5 25. Kg2 Ba7 26. Kf3 Re8 27.
Rd3 axb4 28. cxb4 Rb8 29. b5 h6 30. Bc6 Bc5 31. Be5 Bb6 32. a4 Kf8 33. Bc3 1-0

[Event "North Shore B-Grade"]
[Site "Auckland NZL"]
[Date "2017.08.26"]
[Round "2"]
[White "Vickers, Josia"]
[Black "Holdo, Karl"]
[Result "1/2-1/2"]
[WhiteElo "1186"]
[BlackElo "1683"]
[PlyCount "54"]
[EventDate "2017.08.26"]

1. d4 Nf6 2. c4 e6 3. Nf3 Bb4+ 4. Nbd2 Nc6 5. a3 Bxd2+ 6. Bxd2 h6 7. Qc2 d5 8.
e3 Ne4 9. Bd3 Nxd2 10. Nxd2 O-O 11. O-O Qf6 12. b4 Ne7 13. cxd5 Nxd5 14. b5 Bd7
15. Ne4 Qe7 16. Nc5 c6 17. Nxd7 Qxd7 18. bxc6 bxc6 19. Rfc1 Rfc8 20. Qa4 Nb6
21. Qa6 Nd5 22. Rc5 Rab8 23. Rac1 Rb6 24. Qa4 Rc7 25. Be4 Qc8 26. Bxd5 exd5 27.
h3 f5 1/2-1/2

[Event "North Shore B-Grade"]
[Site "Auckland NZL"]
[Date "2017.08.26"]
[Round "2"]
[White "Wang, Aaron Ziwen"]
[Black "Braganza, Nadia"]
[Result "1/2-1/2"]
[WhiteElo "1552"]
[BlackElo "1549"]
[PlyCount "59"]
[EventDate "2017.08.26"]

1. c4 Nf6 2. Nc3 g6 3. g3 Bg7 4. Bg2 O-O 5. Nf3 c5 6. O-O Nc6 7. d4 cxd4 8.
Nxd4 Nxd4 9. Qxd4 d6 10. Qd3 Rb8 11. Rd1 b6 12. e4 Bd7 13. Be3 Ng4 14. f4 Nxe3
15. Qxe3 Bc6 16. Rd2 Qc7 17. Rc1 Qb7 18. Nd5 Bxd5 19. cxd5 Rbc8 20. Rdc2 Rxc2
21. Rxc2 Qa6 22. a3 Qa4 23. Qd3 Qd7 24. Rc6 Bxb2 25. Qb3 Bd4+ 26. Kh1 Bc5 27.
Bf1 Qb7 28. a4 a6 29. Qc4 Ra8 30. Be2 1/2-1/2

[Event "North Shore B-Grade"]
[Site "Auckland NZL"]
[Date "2017.08.26"]
[Round "2"]
[White "Qin, Oscar Shu Xuan"]
[Black "Hilder, Scott"]
[Result "0-1"]
[WhiteElo "1449"]
[BlackElo "1900"]
[PlyCount "60"]
[EventDate "2017.08.26"]

1. e4 c5 2. Nf3 d6 3. d4 cxd4 4. Nxd4 Nc6 5. Nb5 g6 6. c4 Bg7 7. N1c3 a6 8. Na3
Nf6 9. Bd3 Ne5 10. Nc2 O-O 11. Bf4 Nh5 12. Bg3 Be6 13. Ne3 Nxg3 14. hxg3 Rc8
15. b3 Nxc4 16. Bxc4 Bxc3+ 17. Ke2 Bxa1 18. Qxa1 Bxc4+ 19. Nxc4 f5 20. e5 d5
21. Rd1 e6 22. Kf1 Qg5 23. Nd2 Rc2 24. Nf3 Qh5 25. Qd4 g5 26. Ng1 f4 27. g4
Qxg4 28. Nf3 Qh5 29. Ng1 f3 30. g3 Qh1 0-1

[Event "North Shore B-Grade"]
[Site "Auckland NZL"]
[Date "2017.08.26"]
[Round "2"]
[White "Ha, Huy Minh (Timothy)"]
[Black "Myers, Sean"]
[Result "1-0"]
[WhiteElo "1702"]
[BlackElo "1495"]
[PlyCount "87"]
[EventDate "2017.08.26"]

1. d4 d5 2. Nf3 Nc6 3. Bf4 Bf5 4. c3 e6 5. e3 a6 6. Nbd2 Nf6 7. Be2 Bd6 8. Bg3
Qd7 9. c4 Nb4 10. O-O Bxg3 11. hxg3 h5 12. Ne5 Qe7 13. Qa4+ c6 14. c5 a5 15. a3
Nc2 16. Rac1 Nxe3 17. fxe3 h4 18. g4 Bxg4 19. Nxg4 Nxg4 20. Bxg4 Qg5 21. Rf4 h3
22. Nf3 Qh6 23. Bxh3 g5 24. Rg4 Rg8 25. Qb3 f5 26. Rxg5 Rxg5 27. Nxg5 Qxg5 28.
Rf1 Ra7 29. Rf3 a4 30. Qb6 Ra6 31. Qxb7 Ra5 32. Qxc6+ Kf7 33. Qc7+ Kf6 34. Rg3
Qxg3 35. Qxg3 Rb5 36. Qe5+ Kg5 37. Qg7+ Kh5 38. g4+ Kh4 39. gxf5 Kxh3 40. Qg2+
Kh4 41. Qf2+ Kg4 42. Qe2+ Kxf5 43. Qxb5 Ke4 44. Kf2 1-0

[Event "North Shore B-Grade"]
[Site "Auckland NZL"]
[Date "2017.08.26"]
[Round "2"]
[White "Kamberi, Paul"]
[Black "Liu, James Jiayu"]
[Result "0-1"]
[WhiteElo "1570"]
[BlackElo "1405"]
[PlyCount "60"]
[EventDate "2017.08.26"]

1. e4 c5 2. Nf3 Nc6 3. c3 d6 4. Bb5 Qc7 5. d4 a6 6. Bxc6+ Qxc6 7. d5 Qc7 8. c4
g6 9. Bd2 Bg7 10. Nc3 Nf6 11. h3 e6 12. O-O O-O 13. Re1 Bd7 14. a4 b6 15. Ra2
Rab8 16. Nb1 b5 17. axb5 axb5 18. b3 bxc4 19. bxc4 Qb7 20. Ra3 Nxe4 21. Qc1 Bb2
22. Qc2 Nxd2 23. Nfxd2 Bxa3 24. Nxa3 exd5 25. Rb1 Qa8 26. Ra1 dxc4 27. Ndxc4 d5
28. Ne5 Be6 29. Qxc5 Rfc8 30. Qd4 Qa5 {and the rest is incomprehensible,} 0-1

[Event "North Shore B-Grade"]
[Site "Auckland NZL"]
[Date "2017.08.26"]
[Round "2"]
[White "Li, Allen"]
[Black "Qiu, Daniel"]
[Result "0-1"]
[WhiteElo "1515"]
[BlackElo "1354"]
[PlyCount "148"]
[EventDate "2017.08.26"]

1. e4 e6 2. d4 d5 3. e5 c5 4. Nf3 Nc6 5. a3 Qb6 6. c3 Bd7 7. Nbd2 cxd4 8. Nxd4
Nxd4 9. cxd4 Qxd4 10. Nf3 Qxd1+ 11. Kxd1 a6 12. Be3 Rc8 13. Bd3 Bc5 14. Bxc5
Rxc5 15. Kd2 Ne7 16. Rac1 Rxc1 17. Rxc1 Nc6 18. b4 Ke7 19. b5 axb5 20. Bxb5 Rc8
21. Bxc6 Bxc6 22. Rc3 Bd7 23. Rb3 Rb8 24. Ne1 f6 25. exf6+ Kxf6 26. Nd3 b6 27.
Nc5 Ke7 28. Nxd7 Kxd7 29. Rg3 g6 30. Rh3 Rh8 31. Rb3 Kc6 32. Re3 Re8 33. Rh3
Rf8 34. Ke2 Rf7 35. Rc3+ Kb7 36. a4 Rc7 37. Re3 Re7 38. Rb3 Ka6 39. h3 Ka5 40.
Rb5+ Ka6 41. Rb3 Rc7 42. Re3 Rc6 43. Rf3 Ka5 44. Rf7 Kxa4 45. Rxh7 b5 46. Ra7+
Kb4 47. Rg7 e5 48. Re7 e4 49. Re5 Kc4 50. Re7 b4 51. Rb7 Kc3 52. Kd1 b3 53. Kc1
d4 54. Kd1 Kb2 55. Rd7 Rc1+ 56. Kd2 Rc2+ 57. Kd1 Rxf2 58. Rxd4 Kc3 59. Rd8 Rxg2
60. Rc8+ Kb2 61. Rc4 Rh2 62. Rxe4 Rxh3 63. Rg4 Kc3 64. Rxg6 Rd3+ 65. Ke2 Kc2
66. Rc6+ Rc3 67. Rd6 b2 68. Rd2+ Kb3 69. Rd1 Rc1 70. Kd2 Rxd1+ 71. Kxd1 b1=Q+
72. Ke2 Qe4+ 73. Kd2 Qf3 74. Ke1 Qg2 0-1